000 00282nam a22001337a 4500
008 181101b xxu||||| |||| 00| 0 eng d
020 _a671324
041 _aeng
080 _a573
100 _a11
101 _aBIO
245 _aElements of Biology
_cDodge, R.A
942 _2udc
_cBK
999 _c51535
_d51535